Trafalgar, el viaje con Galdós : (Record no. 192501)
[ view plain ]
| 000 -LEADER | |
|---|---|
| campo de control de longitud fija | 01155nam a2200265 i 4500 |
| 001 - NÚMERO DE CONTROL | |
| campo de control | 192501 |
| 003 - IDENTIFICADOR DE NÚMERO DE CONTROL | |
| campo de control | ES-MaACL |
| 005 - FECHA Y HORA DE LA ÚLTIMA TRANSACCIÓN | |
| campo de control | 20240204063022.0 |
| 008 - DATOS DE LONGITUD FIJA--INFORMACIÓN GENERAL | |
| campo de control de longitud fija | 230120s2021 sp i |||| ||spa d |
| 040 ## - FUENTE DE CATALOGACIÓN | |
| Centro/agencia transcriptor | ES-MaACL |
| 100 1# - ENTRADA PRINCIPAL--NOMBRE DE PERSONA | |
| Nombre de persona | Parra, Daniel, |
| Fechas asociadas al nombre | 1980- |
| Término indicativo de función/relación | Autor |
| 9 (RLIN) | 176264 |
| 245 10 - MENCIÓN DEL TÍTULO | |
| Título | Trafalgar, el viaje con Galdós : |
| Resto del título | vida, memoria, emoción : [exposición] sala de exposiciones Museo de Historia de Madrid, del 16 de octubre de 2020 al 10 de enero de 2021 / |
| Mención de responsabilidad, etc. | [artista, Daniel Parra ; comisariado y textos históricos, Javier Noriega Hernández] |
| 260 ## - PUBLICACIÓN, DISTRIBUCIÓN, ETC. | |
| Lugar de publicación, distribución, etc. | [Madrid] : |
| Nombre del editor, distribuidor, etc. | Ayuntamiento de Madrid, |
| Fecha de publicación, distribución, etc. | [2021] |
| 300 ## - DESCRIPCIÓN FÍSICA | |
| Extensión | 106 páginas : |
| Otras características físicas | ilustraciones (blanco y negro y color) ; |
| Dimensiones | 22 x 23 cm. |
| 500 ## - NOTA GENERAL | |
| Nota general | Índice |
| 504 ## - NOTA DE BIBLIOGRAFÍA, ETC. | |
| Nota de bibliografía, etc. | Bibliografía: página 106 |
| 600 14 - PUNTO DE ACCESO ADICIONAL DE MATERIA--NOMBRE DE PERSONA | |
| Nombre de persona | Parra, Daniel, |
| Fechas asociadas al nombre | 1980- |
| Subdivisión de forma | Exposiciones |
| 9 (RLIN) | 176265 |
| 655 #7 - TERMINO DE INDIZACIÓN--GENERO/FORMA | |
| Fuente del término | tgfbne |
| 9 (RLIN) | 193628 |
| Datos o término principal de género/forma | Catálogos de exposiciones |
| 700 1# - ENTRADA AGREGADA--NOMBRE PERSONAL | |
| 9 (RLIN) | 235034 |
| Nombre de persona | Noriega Hernández, Javier |
| Término indicativo de función/relación | Comisario |
| 710 2# - ENTRADA AGREGADA--NOMBRE DE ENTIDAD CORPORATIVA | |
| 9 (RLIN) | 140867 |
| Nombre de entidad corporativa o nombre de jurisdicción como elemento de entrada | Museo de Historia de Madrid |
| Término indicativo de función/relación | Sede |
| 852 ## - LOCALIZACIÓN | |
| Ubicación | ES-MaACL |
| Número de control de estantería | N-8181 |
| Sublocalización o colección | R. 153238 |
| Ubicación en estantería | Depósito J |
| itemnumber | 199795 |
| 942 ## - ELEMENTOS DE ENTRADA SECUNDARIOS (KOHA) | |
| Tipo de ítem Koha | Libro impreso |
| Suprimir en OPAC | No |
| Estatus retirado | Estado de pérdida | Fuente del sistema de clasificación o colocación | Estado de daño | No para préstamo | Biblioteca de origen | Biblioteca actual | Ubicación en estantería | Fecha de adquisición | Fuente de adquisición | Total de préstamos | Signatura topográfica completa | Código de barras | Visto por última vez | Tipo de ítem Koha |
|---|---|---|---|---|---|---|---|---|---|---|---|---|---|---|
| Clasificación decimal universal | Biblioteca del Ateneo de Madrid | Biblioteca del Ateneo de Madrid | Depósito J | 20/01/2023 | Donación | N-8181 | 101206351 | 23/02/2023 | Libro impreso |
